Ιστορία της Ελληνικής φωτογραφίας 1839-1960
Αποθηκεύτηκε σε:
| Κύριος συγγραφέας: | |
|---|---|
| Μορφή: | Βιβλίο |
| Γλώσσα: | Greek |
| Δημοσίευση: |
Αθήνα :
Καστανιώτη,
1994
|
| Έκδοση: | 4η ε. |
| Θέματα: | |
| Ετικέτες: |
Προσθήκη ετικέτας
Δεν υπάρχουν, Καταχωρήστε ετικέτα πρώτοι!
|
MARC
| LEADER | 00000cam a2200000 i 4500 | ||
|---|---|---|---|
| 001 | 1/59627 | ||
| 008 | 960207s1994 gr | ||| |||| ||gre|| | ||
| 020 | |a 9600312753 | ||
| 035 | |a 1995 |c ΚΟΝΙΟΡΔΟΣ |l 10046112 | ||
| 040 | |a GR-MY-UA |b gre |e aacr | ||
| 041 | 0 | |a gre | |
| 082 | 0 | |a 770.9495 | |
| 100 | 1 | |a Ξανθάκης, Άλκης Ξ. |d 1945- | |
| 245 | 1 | 0 | |a Ιστορία της Ελληνικής φωτογραφίας 1839-1960 / |c Αλκης Ξ. Ξανθάκης |
| 250 | |a 4η ε. | ||
| 260 | |a Αθήνα : |b Καστανιώτη, |c 1994 | ||
| 300 | |a 251 σ.; |c 21 cm. | ||
| 500 | |a Επαινος Ακαδημίας Αθηνών | ||
| 650 | 0 | 0 | |a Photography |z Greece |x History. |
| 852 | |a INST |b SAMOS |e 19960207 |h 770.9495 ΞΑΝ |p 005300004674 |q 005300004674 |t BK |y 0 | ||
| 909 | |a Σ |b 041409 | ||